The coming of Peter Piper, (Record no. 17891)

MARC details
000 -LEADER
fixed length control field 00741cam a22002291 4500
001 - CONTROL NUMBER
control field ca 35000768
003 - CONTROL NUMBER IDENTIFIER
control field DLC
005 - DATE AND TIME OF LATEST TRANSACTION
control field 20260227111138.0
008 - FIXED-LENGTH DATA ELEMENTS--GENERAL INFORMATION
fixed length control field 790828s1929 mau 000 0 eng
010 ## - LIBRARY OF CONGRESS CONTROL NUMBER
LC control number ca 35000768
035 ## - SYSTEM CONTROL NUMBER
System control number (OCoLC)5318830
040 ## - CATALOGING SOURCE
Original cataloging agency DLC
Transcribing agency RPB
Modifying agency DLC
042 ## - AUTHENTICATION CODE
Authentication code premarc
050 00 - LIBRARY OF CONGRESS CALL NUMBER
Classification number PN4305.M6
Item number F685
082 ## - DEWEY DECIMAL CLASSIFICATION NUMBER
Classification number 815.5
100 1# - MAIN ENTRY--PERSONAL NAME
Personal name Fortenbacher, Olive White.
245 14 - TITLE STATEMENT
Title The coming of Peter Piper,
Remainder of title a contest selection, arranged from Christine Whiting Parmenter's story of the same name,
Statement of responsibility, etc. by Olive White Fortenbacher.
260 ## - PUBLICATION, DISTRIBUTION, ETC.
Place of publication, distribution, etc. Boston,
Name of publisher, distributor, etc. Walter H. Baker Company
Date of publication, distribution, etc. [c1929]
300 ## - PHYSICAL DESCRIPTION
Extent 7 p.
Dimensions 20 cm.
440 #0 - SERIES STATEMENT/ADDED ENTRY--TITLE
Title Baker's manuscript readings
700 1# - ADDED ENTRY--PERSONAL NAME
Personal name Parmenter, Christine Whiting,
Dates associated with a name 1877-1953.

No items available.

Powered by Koha